Grammaire expliquec du Fransais

Đã lưu trong:
Bibliografiske detaljer
Format: Bog
Udgivet: 2002
Tags: Tilføj Tag
Ingen Tags, Vær først til at tagge denne postø!
Thư viện lưu trữ: Mạng thư viện Đại học Đà Nẵng
LEADER 00447nam a22001811a 4500
001 000036447
003 12742
005 20160408151547.0
008 160408s2002 000
082 |a 4P(07) 120-24 
245 |a Grammaire expliquec du Fransais  |c Sy posson Quinton 
260 |c 2002 
OWN |a LNN 
999 |a From the UDN01 
TYP |a Monograph 
980 |a Mạng thư viện Đại học Đà Nẵng